You Can Work On Your Miracles (Record no. 159204)

MARC details
000 -LEADER
fixed length control field 00661nam a22002057a 4500
010 ## - LCCN (DPL NO)
LC control number B-78147
020 ## - INTERNATIONAL STANDARD BOOK NUMBER
Terms of availability 75.00
035 ## - SYSTEM CONTROL NUMBER
System control number B-78147
037 ## - SOURCE OF ACQUISITION
Stock number DBAD/PUB
Source of stock number/acquisition Mastermind Books
082 ## - DEWEY DECIMAL CLASSIFICATION NUMBER
Edition number 2002
Classification number 158
100 ## - MAIN ENTRY--PERSONAL NAME
Personal name Hill,Na[polean
245 ## - TITLE STATEMENT
Title You Can Work On Your Miracles
Statement of responsibility, etc Hill,Na[polean
Medium English
246 ## - VARYING FORM OF TITLE
Title proper/short title यू कैन वर्क ओं योर मिराक्लेस
250 ## - EDITION STATEMENT
Edition statement 2002
260 ## - PUBLICATION, DISTRIBUTION, ETC. (IMPRINT)
Place of publication, distribution, etc Banglore
Name of publisher, distributor, etc Mastermind Books
Date of publication, distribution, etc 2002
270 ## - ADDRESS
Address 45/46,M.V.M,Castello,Dr T.C.M Royan Road
300 ## - PHYSICAL DESCRIPTION
Extent 160Pages
Dimensions 17CM,PBK
700 ## - ADDED ENTRY--PERSONAL NAME
Personal name Hill,Na[polean
942 ## - ADDED ENTRY ELEMENTS (KOHA)
Source of classification or shelving scheme Dewey Decimal Classification
Item type English Books
Edition 2002
Classification part 158
Call number prefix hill
Call number suffix Hill,Na[polean
Holdings
Withdrawn status Lost status Not for loan Collection code Home library Current library Date acquired Source of acquisition Cost, normal purchase price Full call number Barcode Cost, replacement price Koha item type
      Fiction Sarojini Nagar Sarojini Nagar 10/12/2018 Mastermind Books 75.00 158 Hill,Na[polean B-78147 75.00 English Books

© Delhi Public Library
Hit Counter
free hit counter